000 01385nam0a2200313 4500
001 RU\NLR\bibl\1802430
005 20250616150758.0
010 _a978-5-9902066-2-5
_9500
021 _aRU
_b2011-56277
_93997
035 _a(NLR Aleph) 001793086
090 _a1768569
_c1768569
100 _a20110826d2010 |||y0rusy50 ca
101 0 _arus
102 _aRU
105 _aa |||||||||
200 1 _aОбновление системы дополнительного образования детей
_eмонография
_fС.В. Астраханцева
_gФедер. гос. образоват. учреждение высш. проф. образования "Фил. Моск. гос. ун-та культуры и искусств" в г. Норильске
210 _aБелгород
_aНорильск
_cФилиал МГУКИ
_d2010
215 _a136 с.
_cил.
_d21
320 _aБиблиогр.: с. 113-129 (215 назв.) и в подстроч. примеч.
606 1 _aДополнительное образование детей
_92087679
_3RU\NLR\auth\661263852
686 _aЧ421.387
700 1 _aАстраханцева
_bС. В.
_gСветлана Владимировна
_4070
801 0 _aRU
_bNLR
_c20110826
_gRCR
801 1 _aRU
_bNLR
_c20110826
830 _aавт. по ЭК
942 _cBOOK
980 _aNB
980 _aNBR